Normal view
MARC view
Entry Personal Name
001 - CONTROL NUMBER
- control field: 41751
003 - CONTROL NUMBER IDENTIFIER
- control field: OSt
005 - DATE AND TIME OF LATEST TRANSACTION
- control field: 20230524204847.0
008 - FIXED-LENGTH DATA ELEMENTS
- fixed length control field: 230524|| aca||aabn | a|a d
040 ## - CATALOGING SOURCE
- Original cataloging agency: OSt
- Transcribing agency: OSt
100 ## - HEADING--PERSONAL NAME
- Personal name: Aswin Sanghi
670 ## - SOURCE DATA FOUND
- Source citation: Work cat.: (OSt)56199: Aswin Sanghi, 13 Steps to Bloody Good Luck, 2014
